| Record ID | ia:rocketfightersto0000zieg |
| Source | Internet Archive |
| Download MARC XML | https://archive.org/download/rocketfightersto0000zieg/rocketfightersto0000zieg_marc.xml |
| Download MARC binary | https://www.archive.org/download/rocketfightersto0000zieg/rocketfightersto0000zieg_meta.mrc |
LEADER: 00987cam a2200277 i 4500
001 76381427
003 DLC
005 20121122080651.0
008 761206s1976 enkacf 000 0 eng
010 $a 76381427
015 $aGB***
020 $a0853681619 :$c£3.95
040 $aDLC$cDLC$dDLC
041 1 $aengger
043 $ae-gx---
050 00 $aUG1242.F5$bZ5313 1976
082 00 $a358.4/3
100 1 $aZiegler, Herman Eugen,$d1908-
240 10 $aRakentenjäger Me163.$lEnglish
245 10 $aRocket fighter :$bthe story of the Messerschmitt Me 163 /$cMano Ziegler ; translated by Alexander Vanags ; with a foreword by Lieut.-Gen. Adolf Galland.
260 $aLondon :$bArms & Armour Press,$c1976.
300 $axii, 161 p., [17] leaves of plates :$bill., ports. ;$c23 cm.
500 $aTranslation of Rakentenjäger Me163.
650 0 $aMesserschmitt 163 (Fighter plane)
650 0 $aAeronautics, Military$zGermany.
650 0 $aWorld War, 1939-1945$xAerial operations, German.